000 01551nam a2200385Ia 4500
001 vtls003162898
003 MY-SjTCS
005 20200226112813.0
006 m u
007 cr cn|||||||||
008 100712s2004 enkb sb 001 0 eng d
010 _z 2004-047378
020 _z0521629373 (pb)
020 _z0511211465
020 _z0521620805 (hb)
035 _a(CaPaEBR)ebr10131640
039 9 _y201007121344
_zVLOAD
040 _aCaPaEBR
_cCaPaEBR
050 1 4 _aDS61.8
_b.L63 2004eb
100 1 _aLockman, Zachary.
245 1 0 _aContending visions of the Middle East
_h[electronic resource] :
_bthe history and politics of Orientalism /
_cZachary Lockman.
260 _aCambridge, U.K. ;
_aNew York :
_bCambridge University Press,
_c2004.
300 _axxi, 308 p. :
_bmaps.
490 1 _aThe Contemporary Middle East ;
_v3
504 _aIncludes bibliographical references (p. 273-303) and index.
529 _aTSLHHL
533 _aElectronic reproduction.
_bPalo Alto, Calif. :
_cebrary,
_d2009.
_nAvailable via World Wide Web.
_nAccess may be limited to ebrary affiliated libraries.
650 0 _aOrientalism.
_917805
650 0 _aIslam
_y20th century.
_927622
651 0 _aMiddle East
_xStudy and teaching.
655 7 _aElectronic books.
_2local
710 2 _aebrary, Inc.
_925628
830 0 _aContemporary Middle East ;
_v3.
856 4 0 _uhttps://ezproxy.taylors.edu.my/login?url=http://site.ebrary.com/lib/taylorscollege/Doc?id=10131640
_zAn electronic book accessible through the World Wide Web; click to view
999 _c99458